Online
Catalog

Cultura taína / (Record no. 43724)

MARC details
000 -CABECERA
campo de control de longitud fija 01268nam a2200337 i 4500
001 - NÚMERO DE CONTROL
campo de control 000044235
003 - IDENTIFICADOR DEL NÚMERO DE CONTROL
campo de control DO-SdBNP
005 - FECHA Y HORA DE LA ÚLTIMA TRANSACCIÓN
campo de control 20241127092020.0
006 - CÓDIGOS DE INFORMACIÓN DE LONGITUD FIJA--CARACTERÍSTICAS DEL MATERIAL ADICIONAL
campo de control de longitud fija a||||gr|||| 00| 0
007 - CAMPO FIJO DE DESCRIPCIÓN FÍSICA--INFORMACIÓN GENERAL
campo de control de longitud fija ta
008 - DATOS DE LONGITUD FIJA--INFORMACIÓN GENERAL
campo de control de longitud fija 140610e1971 dr ac 000 e spa d
040 ## - FUENTE DE LA CATALOGACIÓN
Centro catalogador/agencia de origen DO-SdBNP
Lengua de catalogación spa
Centro/agencia transcriptor BNPHU
041 ## - CÓDIGO DE LENGUA
Código de lengua del texto/banda sonora o título independiente spa
082 #4 - NÚMERO DE LA CLASIFICACIÓN DECIMAL DEWEY
Número de clasificación 972.9301
Número de documento/Ítem P949c 1971
Número de edición 22
100 1# - ENTRADA PRINCIPAL--NOMBRE DE PERSONA
Nombre de persona Prieto, Joaquín R.
Término indicativo de función/relación autor
Código de función/relación autor
9 (RLIN) 24913
245 10 - MENCIÓN DE TÍTULO
Título Cultura taína /
Mención de responsabilidad, etc. Joaquín R. Prieto.
250 ## - MENCIÓN DE EDICIÓN
Mención de edición Segunda edición corregida y aumentada
264 #1 - PRODUCCIÓN, PUBLICACIÓN, DISTRIBUCIÓN, FABRICACIÓN Y COPYRIGHT
Producción, publicación, distribución, fabricación y copyright Santo Domingo :
Nombre del de productor, editor, distribuidor, fabricante [editor no identificado] ;
Fecha de producción, publicación, distribución, fabricación o copyright 1971.
300 ## - DESCRIPCIÓN FÍSICA
Extensión 260 páginas :
Otras características físicas Ilustraciones, mapas, retratos ;
Dimensiones 20 cm.
336 ## - TIPO DE CONTENIDO
Término de tipo de contenido texto
Código de tipo de contenido tx
Fuente rdacontent
337 ## - TIPO DE MEDIO
Nombre/término del tipo de medio sin mediación
Código del tipo de medio n
Fuente rdamedia
338 ## - TIPO DE SOPORTE
Nombre/término del tipo de soporte volumen
Código del tipo de soporte nc
Fuente rdacarrier
500 ## - NOTA GENERAL
Nota general Estudio sobre prehistoria indigenista taína, en forma didáctica e ilustrada, como un aporte a la educación y a la cultura dominicana.
590 ## - NOTA LOCAL (RLIN)
Nota local Inventariado, 2024 / MF
650 #4 - PUNTO DE ACCESO ADICIONAL DE MATERIA--TÉRMINO DE MATERIA
Término de materia o nombre geográfico como elemento de entrada Indígenas de las antillas
Subdivisión general Historia
9 (RLIN) 44150
651 #4 - PUNTO DE ACCESO ADICIONAL DE MATERIA--NOMBRE GEOGRÁFICO
Nombre geográfico La Españiola (Isla{Rpara}
Subdivisión general Historia
9 (RLIN) 72238
651 #4 - PUNTO DE ACCESO ADICIONAL DE MATERIA--NOMBRE GEOGRÁFICO
Nombre geográfico Taínos
Subdivisión general Historia
9 (RLIN) 72239
651 #4 - PUNTO DE ACCESO ADICIONAL DE MATERIA--NOMBRE GEOGRÁFICO
Nombre geográfico Isla Española (Haití y República Dominicana{Rpara}
Subdivisión general Historia
9 (RLIN) 38883
910 ## - DATOS DE OPCIÓN DEL USUARIO (OCLC)
Datos de opción del usuario Validado. Control de calidad MFF
942 ## - ELEMENTOS DE PUNTO DE ACCESO ADICIONAL (KOHA)
Fuente del sistema de clasificación o colocación Dewey Decimal Classification
Tipo de ítem Koha Libro
Holdings
Estado de retiro Estado de pérdida Fuente del sistema de clasificación o colocación Restricciones de uso No para préstamo Código de colección Localización permanente Ubicación/localización actual Ubicación en estantería Fecha de adquisición Total de préstamos Signatura topográfica completa Código de barras Fecha visto por última vez Precio válido a partir de Tipo de ítem Koha Nota pública Fuente de adquisición Número de copia Número de inventario
    Dewey Decimal Classification Excluido de préstamo   Patrimonio Dominicano Biblioteca Nacional Pedro Henríquez Ureña Biblioteca Nacional Pedro Henríquez Ureña Depósito 10.10.1990   BNPHU PD 972.9301 P949c 1971 44235-10 25.06.2020 25.06.2020 Libro Ejemplar autografiado por el autor      
    Dewey Decimal Classification Excluido de préstamo   Patrimonio Dominicano Biblioteca Nacional Pedro Henríquez Ureña Biblioteca Nacional Pedro Henríquez Ureña Depósito 06.12.2021   BNPHU PD 972.9301 P949c 1971 2024-3323 23.01.2024 23.01.2024 Libro   Donado por Colegio Nuestra Señora de la Lourdes e.2  
    Dewey Decimal Classification Préstamo en sala   Dominicana de Servicio Biblioteca Nacional Pedro Henríquez Ureña Biblioteca Nacional Pedro Henríquez Ureña Depósito 11.06.2023   BNPHU DS 972.9301 P949c 1971 2024-3330 11.06.2024 11.06.2024 Libro Perteneció a la biblioteca personal de Emilio Cordero Michel Donado por la Presidencia de la República Dominicana 2023 e.3 Donado por la Presidencia de la

Powered by Koha